Times com Champions - Statistics

Estatísticas Gerais
  • Esse quiz foi jogado 107 vezes
  • A pontuação média é 18 de 23
Estatísticas das Respostas
Hint Resposta % Correto
5 Barcelona
100%
15 Real Madrid
100%
7 Ac milan
98%
6 Liverpool
98%
6 Bayern Munchen
96%
1 Manchester city
96%
3 Manchester United
96%
2 Juventus
89%
2 Chelsea
87%
3 Inter de Milão
87%
4 Ajax
86%
2 Benfica
85%
2 Porto
83%
1 Borussia Dortmund
79%
2 Nottingham forest
73%
1 Celtic
68%
1 Estrela vermelha
68%
1 Psv Eindhoven
68%
1 Olympique de Marseille
64%
1 Feyenoord
56%
1 Hamburgo
47%
1 Aston vila
46%
1 Steaua Bucareste
46%
Nenhum quiz correspondente encontrado
Distribuição das Pontuações
Porcentagem de Pessoas com Cada Pontuação
Percentil de Números Respondidos
Sua Pontuação Histórica
Você não jogou esse quiz